banner koha

O clima mudou (Registro n. 331161)

MARC details
000 -LÍDER
fixed length control field 00839nab a2200265 4500
003 - CÓDIGO MARC DA AGÊNCIA CATALOGADORA
Campo de controle BR-BrBNA
005 - DATA E HORA DA ÚLTIMA ATUALIZAÇÃO
Campo de controle 20250423104839.0
008 - CAMPO DE TAMANHO FIXO
fixed length control field 250423b bl.||||| |||| 00| 0 por d
040 ## - FONTE DA CATALOGAÇÃO
Agência catalogadora BR-BrBNA
Idioma da catalogação por
072 ## - CATEGORIA AGRIS
Código AGRIS P40 ; H50 ; F30
100 ## - ENTRADA PRINCIPAL - NOME PESSOAL
Nome pessoal Neto, Ibiapaba
245 ## - TÍTULO PRINCIPAL
Título principal O clima mudou
Subtítulo Agroeconomia
500 ## - NOTA GERAL
Nota geral 4 illus.
942 ## - ADDED ENTRY ELEMENTS (KOHA)
Koha item type Analítica
650 ## - ASSUNTO - THESAGRO
Cabeçalho tópico ou nome geográfico CLIMATOLOGIA
650 ## - ASSUNTO - THESAGRO
Cabeçalho tópico ou nome geográfico AQUECIMENTO GLOBAL
650 ## - ASSUNTO - THESAGRO
Cabeçalho tópico ou nome geográfico MUDANÇA CLIMÁTICA
650 ## - ASSUNTO - THESAGRO
Cabeçalho tópico ou nome geográfico BOAS PRÁTICAS AGRÍCOLAS
650 ## - ASSUNTO - THESAGRO
Cabeçalho tópico ou nome geográfico RESERVA BIOLÓGICA
650 ## - ASSUNTO - THESAGRO
Cabeçalho tópico ou nome geográfico SECA
650 ## - ASSUNTO - THESAGRO
Cabeçalho tópico ou nome geográfico TRANSGENIA
650 ## - ASSUNTO - THESAGRO
Cabeçalho tópico ou nome geográfico VARIEDADE RESISTENTE
773 0# - ENTRADA ANALÍTICA
Host Biblionumber 1706
Registro do item 347838
Imprenta São Paulo-SP Editora Três Ltda - E-mail: luizfsa@revistadinheiro.com.br 2004
Outro identificador 2025-0339
Título Dinheiro Rural (Brazil)
ISSN 1807-3700
Colação v. 4(30) p. 28-29; (Apr 2007)
Número de controle de registro BR2025000855

Nenhum exemplar disponível.

BINAGRI

Telefone: (61)3218-2567/2388/3357/2097 - binagri@agro.gov.br

Ministério da Agricultura e Pecuária , Esplanada dos Ministérios, Bloco D, Anexo B, Brasília/DF, CEP: 70.043-900